000 00846cam a2200253 a 4500
001 15345475
005 20171211050917.0
008 080626s2010 iau 001 0 eng
010 _a 2008028790
020 _a9780073519418 (hard copy : acidfree paper)
020 _a0073519413 (hard copy : acidfree paper)
020 _a9780073349039 (annotated instructor's ed. : acidfree paper)
020 _a0073349038 (annotated instructor's ed. : acidfree paper)
040 _aDLC
_cDLC
_dDLC
041 _aeng
080 _a512.9 COB
082 0 0 _a512.9 COB
_222
100 1 _a38
101 _aMAT
245 1 0 _aCollege algebra /
_cJohn Coburn.
906 _a7
_bcbc
_corignew
_d1
_eecip
_f20
_gy-gencatlg
942 _2ddc
_cBK
999 _c38853
_d38853